[Event "4th ShakkiNet International B"]
[Site "Helsinki"]
[Date "2002.06.26"]
[Round "3"]
[White "Haapasalo, Jukka-Pekka"]
[Black "Luukkonen, Tommi"]
[Result "1-0"]
[WhiteElo "2149"]
[BlackElo "2158"]
[PlyCount "61"]
[EventDate "2002.06.24"]

1. e4 c5 2. Nf3 e6 3. b3 b6 4. Bb2 Bb7 5. Nc3 Nf6 6. e5 Ng4 7. h3 Nh6 8. Bd3
Nf5 9. Be4 Nc6 10. g4 Nh4 11. Nxh4 Qxh4 12. Nb5 Rb8 13. Qf3 Qg5 14. Qg3 Nb4 15.
f4 Qd8 16. Bxb7 Rxb7 17. O-O-O Nxa2+ 18. Kb1 Nb4 19. Nd6+ Bxd6 20. exd6 b5 21.
Qc3 Qb6 22. Qxg7 Rf8 23. Qe5 f6 24. Qh5+ Rf7 25. g5 c4 26. gxf6 cxb3 27. cxb3
Qxd6 28. Rc1 Rc7 29. Rxc7 Qxc7 30. Rc1 Qb7 31. Qxb5 1-0

[Event "4th ShakkiNet International B"]
[Site "Helsinki"]
[Date "2002.06.26"]
[Round "3"]
[White "Liitiaeinen, Elia"]
[Black "Mavrichev, Juri"]
[Result "1-0"]
[WhiteElo "2164"]
[BlackElo "2115"]
[PlyCount "65"]
[EventDate "2002.06.24"]

1. Nf3 Nf6 2. d4 d5 3. Bf4 Bf5 4. c4 c6 5. cxd5 cxd5 6. Nc3 Nc6 7. e3 e6 8. Ne5
Bb4 9. Bb5 Qa5 10. O-O Bxc3 11. Bxc6+ bxc6 12. bxc3 Qa6 13. g4 Bg6 14. h4 Nd7
15. Nxd7 Kxd7 16. Qb3 h5 17. g5 Rhd8 18. Kh2 Ke8 19. Qb4 Rd7 20. Rab1 Qe2 21.
Bg3 Bxb1 22. Qxb1 g6 23. Kg2 Qa6 24. Qd1 f5 25. gxf6 Kf7 26. Be5 Rb7 27. Qd2
Qa3 28. e4 Rh8 29. Rg1 Rb2 30. Qf4 Qxc3 31. Kh2 Qc2 32. exd5 cxd5 33. Rc1 1-0

[Event "4th ShakkiNet International B"]
[Site "Helsinki"]
[Date "2002.06.26"]
[Round "3"]
[White "Parkkinen, Jyrki"]
[Black "Paronen, Petteri"]
[Result "1-0"]
[WhiteElo "2169"]
[BlackElo "2224"]
[PlyCount "91"]
[EventDate "2002.06.24"]

1. d4 Nf6 2. Nf3 c5 3. e3 g6 4. c4 Bg7 5. Nc3 O-O 6. Be2 b6 7. O-O d6 8. b3 Bb7
9. Bb2 Na6 10. Qd2 Qd7 11. Rfd1 Nc7 12. d5 b5 13. Bd3 bxc4 14. bxc4 Rab8 15.
Rab1 e6 16. dxe6 Nxe6 17. Be2 Rfd8 18. Ba1 Qe7 19. Nd5 Bxd5 20. Bxf6 Bxf6 21.
cxd5 Nc7 22. Qd3 Rb6 23. Nd2 Rdb8 24. Rxb6 axb6 25. a4 b5 26. axb5 Rxb5 27. e4
Rb4 28. Nc4 Qd7 29. Rb1 Na6 30. Rxb4 Nxb4 31. Qg3 Be7 32. h4 Kg7 33. h5 Qc7 34.
hxg6 hxg6 35. f4 Nc2 36. e5 Nd4 37. Bd3 Qc8 38. exd6 Bf6 39. Ne5 Bxe5 40. fxe5
c4 41. d7 Qc5 42. Qf2 cxd3 43. Kh2 d2 44. Qf6+ Kh7 45. d8=Q d1=Q 46. Qdh8# 1-0

[Event "4th ShakkiNet International B"]
[Site "Helsinki"]
[Date "2002.06.26"]
[Round "3"]
[White "Skrjabin, Igor"]
[Black "Malmberg, Mio"]
[Result "1/2-1/2"]
[WhiteElo "2114"]
[BlackElo "2088"]
[PlyCount "98"]
[EventDate "2002.06.24"]

1. e4 e6 2. d3 d5 3. Nd2 Nf6 4. Ngf3 c5 5. g3 Nc6 6. Bg2 Be7 7. O-O O-O 8. e5
Nd7 9. Re1 b5 10. Nf1 a5 11. h4 Qc7 12. Bf4 a4 13. a3 b4 14. Ne3 Bb7 15. Ng4
Qb6 16. Qd2 Nd4 17. Bg5 Nxf3+ 18. Bxf3 f6 19. exf6 Bxf6 20. Nxf6+ Nxf6 21. Qe2
Ra6 22. axb4 cxb4 23. Be3 d4 24. Bxb7 Qxb7 25. Bxd4 a3 26. c4 Nd7 27. bxa3 bxa3
28. Ra2 Qb3 29. Rea1 Rf5 30. h5 h6 31. Qg4 Nf6 32. Bxf6 Rxf6 33. Qe4 Ra5 34. g4
e5 35. c5 Qc3 36. Qc4+ Qxc4 37. dxc4 Rf4 38. Rxa3 Rxg4+ 39. Kf1 Rxc5 40. Ra8+
Kf7 41. R1a6 Rgxc4 42. Rg6 Rc7 43. Rh8 Rf4 44. Rh7 Kg8 45. Rhxh6 Rc1+ 46. Ke2
Rc2+ 47. Ke3 Rcxf2 48. Rg5 R2f3+ 49. Ke2 Rf2+ 1/2-1/2

[Event "4th ShakkiNet International B"]
[Site "Helsinki"]
[Date "2002.06.26"]
[Round "3"]
[White "Oksanen, Timo"]
[Black "Kilpelae, Panu"]
[Result "0-1"]
[WhiteElo "1977"]
[BlackElo "2139"]
[PlyCount "68"]
[EventDate "2002.06.24"]

1. e4 e5 2. Nf3 f5 3. Nxe5 Qf6 4. d4 d6 5. Nc4 fxe4 6. Nc3 Qg6 7. Ne3 c6 8. d5
Nf6 9. Qd4 Be7 10. Bd2 Nbd7 11. Ne2 Ne5 12. Ng3 Bd7 13. Bc3 c5 14. Qd2 Neg4 15.
O-O-O O-O 16. f3 Nxh2 17. Nxe4 Nxe4 18. fxe4 Ng4 19. Re1 Bg5 20. Kb1 Rf2 21.
Qd3 Nxe3 22. Rxe3 Bxe3 23. Qxe3 Qf7 24. Bd3 Qf4 25. Qe1 h6 26. b3 Re8 27. g3
Qf3 28. e5 dxe5 29. Be4 Qf6 30. d6 Bc6 31. Bxc6 bxc6 32. Qe4 Qf5 33. Qxc6 Qxc2+
34. Ka1 Qxa2# 0-1

[Event "4th ShakkiNet International B"]
[Site "Helsinki"]
[Date "2002.06.27"]
[Round "4"]
[White "Malmberg, Mio"]
[Black "Oksanen, Timo"]
[Result "1/2-1/2"]
[WhiteElo "2088"]
[BlackElo "1977"]
[PlyCount "67"]
[EventDate "2002.06.24"]

1. Nf3 d5 2. d4 Nc6 3. Bf4 Bg4 4. Nbd2 e6 5. c3 Bd6 6. Bxd6 Qxd6 7. Qa4 Nf6 8.
Ne5 Bf5 9. e4 Nxe4 10. Nxe4 Bxe4 11. f3 Bg6 12. Bb5 O-O 13. Bxc6 bxc6 14. Qxc6
Qxc6 15. Nxc6 f6 16. b4 Be8 17. Na5 Ba4 18. Nb3 Kf7 19. Nc5 Bb5 20. a4 Bc4 21.
Kd2 c6 22. Rhe1 Rfe8 23. Nb7 Ke7 24. Na5 Kd6 25. Nxc4+ dxc4 26. f4 Rab8 27. a5
a6 28. Re3 Rb5 29. Rh3 h6 30. Re1 Re7 31. g4 Rd5 32. Rhe3 g6 33. Kc2 h5 34. h3
1/2-1/2

[Event "4th ShakkiNet International B"]
[Site "Helsinki"]
[Date "2002.06.27"]
[Round "4"]
[White "Paronen, Petteri"]
[Black "Skrjabin, Igor"]
[Result "0-1"]
[WhiteElo "2224"]
[BlackElo "2114"]
[PlyCount "78"]
[EventDate "2002.06.24"]

1. e4 e5 2. Nf3 Nc6 3. Bb5 a6 4. Ba4 Nf6 5. d3 d6 6. c3 Be7 7. Nbd2 O-O 8. O-O
Bd7 9. Re1 h6 10. Nf1 Qe8 11. Ng3 Rd8 12. a3 Nh7 13. b4 Bf6 14. h3 Ne7 15. Bb3
Be6 16. d4 Bxb3 17. Qxb3 Ng6 18. d5 Nf4 19. Nf5 Ng5 20. c4 Qd7 21. Nxg5 hxg5
22. g3 Nxh3+ 23. Kg2 g6 24. Nh6+ Kg7 25. Qf3 Rh8 26. Ng4 Be7 27. Rh1 f5 28.
exf5 gxf5 29. Ne3 Rdf8 30. Bb2 g4 31. Qe2 Bg5 32. c5 Qf7 33. cxd6 cxd6 34. Qd3
Bxe3 35. fxe3 Ng5 36. Raf1 Nf3 37. a4 Rxh1 38. Rxh1 Rh8 39. Rxh8 Ne1+ 0-1

[Event "4th ShakkiNet International B"]
[Site "Helsinki"]
[Date "2002.06.27"]
[Round "4"]
[White "Mavrichev, Juri"]
[Black "Parkkinen, Jyrki"]
[Result "1/2-1/2"]
[WhiteElo "2115"]
[BlackElo "2169"]
[PlyCount "138"]
[EventDate "2002.06.24"]

1. e4 c5 2. Nf3 g6 3. d4 Bg7 4. Nc3 cxd4 5. Nxd4 Nc6 6. Be3 Nf6 7. Nb3 O-O 8.
Be2 d6 9. O-O Be6 10. f4 Na5 11. Nxa5 Qxa5 12. Bf3 Qb4 13. Rb1 Rfd8 14. a3 Qc4
15. Be2 Qc6 16. Bf3 d5 17. e5 Ne4 18. Bd4 Rac8 19. Re1 Nxc3 20. bxc3 b5 21. Be2
a6 22. Bd3 Bf5 23. g4 Bxd3 24. cxd3 e6 25. f5 gxf5 26. gxf5 exf5 27. Rb2 Kh8
28. Rg2 Qh6 29. Qf3 Rg8 30. Qxf5 Qe6 31. Rf1 Qxf5 32. Rxf5 Rgf8 33. Rgf2 Rc6
34. Rxf7 Rxf7 35. Rxf7 Re6 36. Rf5 Kg8 37. h4 Bf8 38. Kf2 Bxa3 39. Ke2 a5 40.
Kd2 Be7 41. h5 a4 42. Kc2 b4 43. cxb4 Bxb4 44. Kb2 Be7 45. Rf1 Kg7 46. Be3 a3+
47. Kb3 Ra6 48. Ka2 Ra8 49. e6 Bf6 50. Bh6+ Kxh6 51. Rxf6+ Kxh5 52. Rf5+ Kg6
53. Rxd5 Re8 54. Kxa3 Rxe6 55. Kb4 h5 56. Ra5 h4 57. d4 Re4 58. Kc5 h3 59. Ra1
Rh4 60. d5 h2 61. Rh1 Kf5 62. Kc6 Rc4+ 63. Kd7 Rh4 64. d6 Kg4 65. Kc7 Kg3 66.
d7 Rc4+ 67. Kb8 Rd4 68. Kc8 Rxd7 69. Kxd7 Kg2 1/2-1/2

[Event "4th ShakkiNet International B"]
[Site "Helsinki"]
[Date "2002.06.27"]
[Round "4"]
[White "Luukkonen, Tommi"]
[Black "Liitiaeinen, Elia"]
[Result "0-1"]
[WhiteElo "2158"]
[BlackElo "2164"]
[PlyCount "48"]
[EventDate "2002.06.24"]

1. d4 d6 2. e4 Nf6 3. f3 e5 4. Ne2 Be7 5. c4 O-O 6. Nbc3 Nbd7 7. d5 c6 8. Be3
a6 9. g4 cxd5 10. cxd5 b5 11. Ng3 Nb6 12. Nf5 Nfd7 13. h4 Re8 14. g5 Bf8 15. h5
Nc5 16. b3 Bxf5 17. exf5 e4 18. f4 b4 19. Na4 Nd3+ 20. Bxd3 exd3 21. Qxd3 Nxa4
22. bxa4 Rc8 23. Rh3 Rc3 24. Qd4 Qd7 0-1

[Event "4th ShakkiNet International B"]
[Site "Helsinki"]
[Date "2002.06.28"]
[Round "5"]
[White "Kilpelae, Panu"]
[Black "Malmberg, Mio"]
[Result "1/2-1/2"]
[WhiteElo "2139"]
[BlackElo "2088"]
[PlyCount "84"]
[EventDate "2002.06.24"]

1. e4 e6 2. d4 d5 3. Nc3 Bb4 4. exd5 exd5 5. Bd3 Nf6 6. a3 Bxc3+ 7. bxc3 O-O 8.
Ne2 Re8 9. O-O Bg4 10. f3 Bh5 11. Nf4 Bg6 12. Nxg6 hxg6 13. Bg5 Qd6 14. Qd2 c5
15. Bf4 Qf8 16. Rfb1 c4 17. Bf1 b6 18. g4 Nc6 19. Rb5 Rad8 20. Bg2 Qe7 21. Kf1
Nh7 22. a4 g5 23. Bg3 Qe3 24. Qxe3 Rxe3 25. Be1 Re6 26. Bd2 Ne7 27. a5 Ng6 28.
Rab1 Rdd6 29. axb6 axb6 30. f4 Nxf4 31. Bxf4 gxf4 32. Rxd5 Rxd5 33. Bxd5 Rh6
34. Kg1 Ng5 35. Bxc4 Nf3+ 36. Kg2 Nd2 37. Rb4 f3+ 38. Kg3 Rf6 39. Kf2 Ne4+ 40.
Kf1 f2 41. Kg2 Nxc3 42. Rb3 Ne4 1/2-1/2

[Event "4th ShakkiNet International B"]
[Site "Helsinki"]
[Date "2002.06.28"]
[Round "5"]
[White "Oksanen, Timo"]
[Black "Paronen, Petteri"]
[Result "0-1"]
[WhiteElo "1977"]
[BlackElo "2224"]
[PlyCount "76"]
[EventDate "2002.06.24"]

1. e4 c5 2. Nc3 Nc6 3. g3 g6 4. Bg2 Bg7 5. d3 d6 6. Be3 e5 7. Qd2 Nd4 8. Nd1
Ne7 9. c3 Ndc6 10. Ne2 O-O 11. d4 cxd4 12. cxd4 d5 13. dxe5 Nxe5 14. Bc5 Bg4
15. f4 Nf3+ 16. Bxf3 Bxf3 17. O-O Bxe4 18. Ndc3 Re8 19. Rad1 Qc7 20. Nxe4 dxe4
21. Qd6 Qa5 22. b4 Qa3 23. Rd2 Qa4 24. Qd7 Qxd7 25. Rxd7 Nc6 26. Rxb7 Rab8 27.
Rd7 a6 28. f5 Ne5 29. fxg6 hxg6 30. Ra7 Ra8 31. Rb7 Reb8 32. Re7 Re8 33. Rb7
Red8 34. g4 Rd2 35. Rf2 Rad8 36. h3 R8d3 37. Kg2 e3 38. Rb8+ Kh7 0-1

[Event "4th ShakkiNet International B"]
[Site "Helsinki"]
[Date "2002.06.29"]
[Round "6"]
[White "Eskola, Risto"]
[Black "Malmberg, Mio"]
[Result "1-0"]
[WhiteElo "2145"]
[BlackElo "2088"]
[PlyCount "69"]
[EventDate "2002.06.24"]

1. e4 e6 2. d4 d5 3. Nd2 Nf6 4. e5 Nfd7 5. c3 c5 6. f4 Nc6 7. Ndf3 Qb6 8. g3
cxd4 9. cxd4 Bb4+ 10. Kf2 g5 11. fxg5 Ndxe5 12. Kg2 Nxf3 13. Nxf3 Bd7 14. a3
Bf8 15. b4 Bg7 16. Bb2 Na5 17. Rc1 Nc4 18. Bxc4 dxc4 19. Re1 O-O 20. Ne5 Bxe5
21. Rxe5 Bc6+ 22. Kg1 Bd5 23. Bc3 f6 24. gxf6 Rxf6 25. Qg4+ Kh8 26. Rf1 Rxf1+
27. Kxf1 Rf8+ 28. Kg1 Qa6 29. Qe2 Qc6 30. Rh5 Qc7 31. Rg5 Rf3 32. Qxf3 Bxf3 33.
d5+ e5 34. Bxe5+ Qxe5 35. Rxe5 1-0

[Event "4th ShakkiNet International B"]
[Site "Helsinki"]
[Date "2002.06.29"]
[Round "6"]
[White "Mavrichev, Juri"]
[Black "Oksanen, Timo"]
[Result "1/2-1/2"]
[WhiteElo "2115"]
[BlackElo "1977"]
[PlyCount "24"]
[EventDate "2002.06.24"]

1. e4 c5 2. Nf3 d6 3. d4 cxd4 4. Qxd4 Nc6 5. Bb5 Bd7 6. Bxc6 bxc6 7. O-O e5 8.
Qd3 Qc7 9. Rd1 Rd8 10. Nbd2 Nf6 11. Nc4 Be6 12. Bg5 Be7 1/2-1/2

[Event "4th ShakkiNet International B"]
[Site "Helsinki"]
[Date "2002.06.29"]
[Round "6"]
[White "Luukkonen, Tommi"]
[Black "Skrjabin, Igor"]
[Result "0-1"]
[WhiteElo "2158"]
[BlackElo "2114"]
[PlyCount "82"]
[EventDate "2002.06.24"]

1. c4 e5 2. Nc3 Nf6 3. Nf3 Nc6 4. e3 d6 5. d4 Be7 6. d5 Nb8 7. e4 a5 8. Bd3
Nbd7 9. Bc2 O-O 10. O-O Nc5 11. Ne1 c6 12. Rb1 cxd5 13. cxd5 Bd7 14. a3 Qc7 15.
f4 b5 16. fxe5 dxe5 17. Bg5 Ra6 18. b4 Nb7 19. Qd3 Rc8 20. Ne2 axb4 21. axb4
Bxb4 22. Qg3 Bc5+ 23. Kh1 Ne8 24. Nd3 f6 25. Bb3 Qd6 26. Be3 Bxe3 27. Qxe3 Ra3
28. Qd2 Na5 29. Nec1 Nc4 30. Qe1 Qe7 31. Ne2 Ned6 32. Ng3 Be8 33. Qe2 Bg6 34.
h4 f5 35. Nxf5 Bxf5 36. exf5 Qxh4+ 37. Kg1 Qd4+ 38. Kh1 Qh4+ 39. Kg1 Qd4+ 40.
Kh1 Rf8 41. Bxc4 Nxc4 0-1

[Event "4th ShakkiNet International B"]
[Site "Helsinki"]
[Date "2002.06.29"]
[Round "6"]
[White "Karlsen, Terje"]
[Black "Parkkinen, Jyrki"]
[Result "1/2-1/2"]
[WhiteElo "2121"]
[BlackElo "2169"]
[PlyCount "164"]
[EventDate "2002.06.24"]

1. e4 c6 2. c4 d5 3. cxd5 cxd5 4. exd5 Nf6 5. Nc3 Nxd5 6. Nf3 e6 7. Bc4 Nc6 8.
O-O Be7 9. d4 Nf6 10. Bg5 O-O 11. Re1 Qb6 12. a3 Rd8 13. Na4 Qc7 14. Rc1 Bd7
15. Qe2 Be8 16. Nc5 Nxd4 17. Nxd4 Bxc5 18. Nxe6 fxe6 19. Qxe6+ Bf7 20. Qxf7+
Qxf7 21. Bxf7+ Kxf7 22. Rxc5 Rac8 23. Rxc8 Rxc8 24. Rc1 Rxc1+ 25. Bxc1 Ke6 26.
b3 Kd5 27. Be3 a6 28. f3 Nd7 29. Kf2 b5 30. Ke2 g6 31. Kd3 Ne5+ 32. Kc3 Nc6 33.
Bh6 Ke5 34. Kd3 Na5 35. Bg7+ Kd5 36. Kc2 Nc6 37. Bc3 Kc5 38. Kd3 Kd5 39. Ke3
Nd8 40. Ba5 Ne6 41. Bb6 Kc6 42. Ba7 Kd5 43. h4 Ke5 44. g4 Kd5 45. f4 Ng7 46.
Bd4 Ne6 47. Bb2 Nc5 48. b4 Ne4 49. f5 gxf5 50. gxf5 Nd6 51. Kf4 Nc4 52. Bc1 Ne5
53. Kg5 Nf3+ 54. Kg4 Ne5+ 55. Kh5 Nf7 56. Bb2 Ke4 57. Kg4 Nh6+ 58. Kg5 Nxf5 59.
h5 h6+ 60. Kg6 Kf4 61. Bf6 Ng3 62. Bh4 Nf5 63. Bd8 Ke5 64. Bc7+ Ke6 65. Bf4
Nh4+ 66. Kxh6 Kf7 67. Kg5 Nf3+ 68. Kf5 Nd4+ 69. Ke5 Nb3 70. Kd5 a5 71. bxa5
Nxa5 72. Kc5 Nc4 73. Bc1 Kg7 74. h6+ Kg6 75. Kb4 Nd6 76. Bf4 Nc4 77. a4 Nb6 78.
Kxb5 Nd5 79. Bc1 Nc3+ 80. Kb4 Na2+ 81. Kc5 Nxc1 82. a5 Nb3+ 1/2-1/2

[Event "4th ShakkiNet International B"]
[Site "Helsinki"]
[Date "2002.06.30"]
[Round "7"]
[White "Parkkinen, Jyrki"]
[Black "Haapasalo, Jukka-Pekka"]
[Result "1/2-1/2"]
[WhiteElo "2169"]
[BlackElo "2149"]
[PlyCount "22"]
[EventDate "2002.06.24"]

1. d4 Nf6 2. Nf3 e6 3. g3 b5 4. Bg2 Bb7 5. O-O c5 6. b3 cxd4 7. Bb2 Bc5 8. Bxd4
Bxd4 9. Nxd4 Bxg2 10. Kxg2 Qb6 11. Qd3 a6 1/2-1/2

[Event "4th ShakkiNet International B"]
[Site "Helsinki"]
[Date "2002.06.30"]
[Round "7"]
[White "Oksanen, Timo"]
[Black "Luukkonen, Tommi"]
[Result "1-0"]
[WhiteElo "1977"]
[BlackElo "2158"]
[PlyCount "53"]
[EventDate "2002.06.24"]

1. e4 e5 2. Nf3 Nc6 3. Bb5 a6 4. Ba4 Nf6 5. Nc3 b5 6. Bb3 Bc5 7. d3 d6 8. Nd5
Nxd5 9. Bxd5 Bd7 10. c3 Rb8 11. b4 Ba7 12. O-O Ne7 13. Bb3 h6 14. Be3 Bxe3 15.
fxe3 O-O 16. a4 Ng6 17. Qe1 c5 18. Qg3 Kh7 19. bxc5 dxc5 20. Nxe5 Nxe5 21. Qxe5
bxa4 22. Rxf7 Rxf7 23. Bxf7 Rb2 24. Qg3 Qb6 25. h4 Rd2 26. d4 a3 27. h5 1-0

[Event "4th ShakkiNet International B"]
[Site "Helsinki"]
[Date "2002.06.30"]
[Round "7"]
[White "Kilpelae, Panu"]
[Black "Mavrichev, Juri"]
[Result "1/2-1/2"]
[WhiteElo "2139"]
[BlackElo "2115"]
[PlyCount "71"]
[EventDate "2002.06.24"]

1. e4 c5 2. Nf3 d6 3. d4 cxd4 4. Nxd4 Nf6 5. f3 e5 6. Bb5+ Bd7 7. Bxd7+ Nbxd7
8. Nf5 d5 9. exd5 Qa5+ 10. Nc3 Nb6 11. Qe2 O-O-O 12. O-O Nfxd5 13. Qxe5 g6 14.
Kh1 Bb4 15. Nxd5 Nxd5 16. Nd4 Bd6 17. Qe2 Nc7 18. f4 Rhe8 19. Qf3 f5 20. g3 Re4
21. Nb3 Qa4 22. Bd2 Rde8 23. a3 Qc6 24. Rac1 Nd5 25. c4 Nc7 26. Na5 Qd7 27.
Rfd1 Qe6 28. c5 Be7 29. Bb4 Nd5 30. c6 b6 31. Qd3 Nc7 32. Qd7+ Kb8 33. Nb7 Bxb4
34. axb4 Qg8 35. Qxc7+ Kxc7 36. Rd7+ 1/2-1/2

[Event "4th ShakkiNet International B"]
[Site "Helsinki"]
[Date "2002.06.30"]
[Round "7"]
[White "Malmberg, Mio"]
[Black "Paronen, Petteri"]
[Result "1/2-1/2"]
[WhiteElo "2088"]
[BlackElo "2224"]
[PlyCount "122"]
[EventDate "2002.06.24"]

1. Nf3 Nf6 2. d4 c5 3. g3 cxd4 4. Nxd4 d5 5. Bg2 e5 6. Nb3 Be7 7. Bg5 Nbd7 8.
Nc3 d4 9. Bxf6 Nxf6 10. Ne4 Nxe4 11. Bxe4 O-O 12. Qd3 f5 13. Qc4+ Kh8 14. Bg2
Qb6 15. O-O Be6 16. Qa4 a5 17. c4 dxc3 18. bxc3 Rfc8 19. Rab1 Rc4 20. Nd2 Rxa4
21. Rxb6 Bxa2 22. Rxb7 Bg5 23. Bc6 Ra3 24. Nb1 Bxb1 25. Rfxb1 h6 26. h4 Bd8 27.
Rb8 Rxb8 28. Rxb8 Ra1+ 29. Kg2 Rd1 30. c4 Rd6 31. Bb5 Kh7 32. c5 Rd5 33. c6 e4
34. h5 Bc7 35. Rb7 Rc5 36. Ba4 Rc4 37. Rxc7 Rxa4 38. Ra7 Rc4 39. Rxa5 Rxc6 40.
Rxf5 Re6 41. e3 Re7 42. g4 g6 43. hxg6+ Kxg6 44. Kg3 Re8 45. Kf4 Re7 46. f3
exf3 47. Kxf3 Ra7 48. Kf4 Ra4+ 49. e4 Rb4 50. Rd5 Rb1 51. Rd6+ Kg7 52. Ke5 Rg1
53. Kf5 Rf1+ 54. Ke6 Rf4 55. e5 Rxg4 56. Ke7 Re4 57. e6 Kg6 58. Kd8 Kf5 59. e7
h5 60. e8=Q Rxe8+ 61. Kxe8 Kg4 1/2-1/2

[Event "4th ShakkiNet International B"]
[Site "Helsinki"]
[Date "2002.07.01"]
[Round "8"]
[White "Luukkonen, Tommi"]
[Black "Kilpelae, Panu"]
[Result "0-1"]
[WhiteElo "2158"]
[BlackElo "2139"]
[PlyCount "91"]
[EventDate "2002.06.24"]

1. e4 c5 2. Nf3 Nc6 3. d4 cxd4 4. Nxd4 g6 5. c4 Bg7 6. Be3 Nf6 7. Nc3 Ng4 8.
Qxg4 Nxd4 9. Qd1 Ne6 10. Qd2 Qa5 11. Bd3 b6 12. O-O g5 13. Rad1 d6 14. Bc2 Bb7
15. Ba4+ Kf8 16. Bd7 Nc5 17. Bxg5 f6 18. Bf4 Nxd7 19. Bxd6 Re8 20. b4 Qh5 21.
Bg3 Ne5 22. Qd4 Kf7 23. Nd5 Rd8 24. f4 Nc6 25. Qc3 e6 26. e5 f5 27. a4 Ne7 28.
Ne3 Rhe8 29. Qb3 Kg8 30. Rd6 Qf7 31. Rfd1 Nc6 32. Bh4 Rxd6 33. Rxd6 Bf8 34. c5
bxc5 35. bxc5 Bxd6 36. cxd6 Qd7 37. Bf6 Rf8 38. Nxf5 Rxf6 39. exf6 Kf7 40. Qg3
exf5 41. Qg7+ Ke6 42. Qh6 Qf7 43. Qh3 Nd8 44. Qe3+ Be4 45. Qc5 Nc6 46. a5 0-1

[Event "4th ShakkiNet International B"]
[Site "Helsinki"]
[Date "2002.07.01"]
[Round "8"]
[White "Karlsen, Terje"]
[Black "Oksanen, Timo"]
[Result "1-0"]
[WhiteElo "2121"]
[BlackElo "1977"]
[PlyCount "161"]
[EventDate "2002.06.24"]

1. d4 Nf6 2. c4 c5 3. d5 b5 4. cxb5 a6 5. bxa6 Bxa6 6. g3 d6 7. Bg2 g6 8. b3
Bg7 9. Bb2 Nbd7 10. e4 O-O 11. Ne2 Qb6 12. O-O Ne5 13. Bxe5 dxe5 14. Nd2 Ne8
15. Re1 Nd6 16. Nc3 Rfc8 17. Qb1 Rab8 18. a3 Bh6 19. Qc2 Bxd2 20. Qxd2 Nb7 21.
Reb1 Qc7 22. Bh3 Rd8 23. Qe3 Nd6 24. Na4 c4 25. b4 Nb5 26. Nc5 Bc8 27. Bf1 Nd4
28. Rc1 Qd6 29. Rxc4 Bg4 30. Rxd4 exd4 31. Qxd4 e6 32. e5 Qxd5 33. Qxg4 Qxe5
34. Rd1 h5 35. Rxd8+ Rxd8 36. Qe2 Qc3 37. Qe3 Qa1 38. Kg2 Rd1 39. Be2 Rh1 40.
f4 Rc1 41. Nb3 Rc3 42. Nxa1 Rxe3 43. Kf2 Rxa3 44. Nc2 Rb3 45. b5 Kf8 46. Nd4
Rb2 47. Ke3 Ke7 48. Nc6+ Kd6 49. Ne5 Ke7 50. h3 Kf6 51. h4 Ke7 52. Bd3 f6 53.
Nf3 Kd6 54. Nd2 Rb4 55. Nc4+ Kc5 56. Nd2 Kd6 57. Ne4+ Ke7 58. Kd2 e5 59. Kc3
Rd4 60. fxe5 fxe5 61. Nf2 Rd6 62. Be4 Kf6 63. Bc6 Ke7 64. Ne4 Rd4 65. b6 Kd8

66. b7 Kc7 67. Nc5 Kxc6 68. b8=Q Kxc5 69. Qc7+ Kd5 70. Qf7+ Kc5 71. Qxg6 Rg4
72. Qxh5 Rxg3+ 73. Kd2 Kd4 74. Qe2 e4 75. h5 e3+ 76. Kc2 Ke4 77. h6 Rf3 78. h7
Rf2 79. Kd1 Rf8 80. Qg2+ Kd3 81. Qd5+ 1-0

[Event "4th ShakkiNet International B"]
[Site "Helsinki"]
[Date "2002.07.02"]
[Round "9"]
[White "Parkkinen, Jyrki"]
[Black "Eskola, Risto"]
[Result "1-0"]
[WhiteElo "2169"]
[BlackElo "2145"]
[PlyCount "103"]
[EventDate "2002.06.24"]

1. Nf3 f5 2. d4 Nf6 3. c3 b6 4. Bg5 e6 5. Nbd2 Bb7 6. Qc2 Be7 7. e3 Ne4 8. Bxe7
Qxe7 9. Bd3 Nxd2 10. Qxd2 d6 11. Qe2 Nd7 12. Bb5 O-O 13. Bxd7 Qxd7 14. O-O-O
Qa4 15. b3 Qa3+ 16. Qb2 Qxb2+ 17. Kxb2 Bxf3 18. gxf3 Rf6 19. f4 Rg6 20. Rdg1
Rxg1 21. Rxg1 Rf8 22. c4 Rf6 23. c5 Rh6 24. Rg2 Kf7 25. Kc3 g6 26. cxd6 cxd6
27. Kc4 a6 28. d5 Rh3 29. dxe6+ Kxe6 30. a4 d5+ 31. Kd4 Kd6 32. b4 Rf3 33. b5
axb5 34. axb5 Ke6 35. h4 Rh3 36. Rg1 Rxh4 37. Rc1 Rh2 38. Rc6+ Kd7 39. Rxb6
Rxf2 40. Kxd5 Rb2 41. Rb7+ Kd8 42. Ke6 Rb3 43. Rxh7 Rxb5 44. Rh8+ Kc7 45. Kf7
Rb3 46. Re8 Kd7 47. Re5 Rb6 48. Re7+ Kd8 49. Re6 Rb5 50. Kxg6 Kd7 51. Kf6 Ra5
52. Re5 1-0

[Event "4th ShakkiNet International B"]
[Site "Helsinki"]
[Date "2002.07.02"]
[Round "9"]
[White "Skrjabin, Igor"]
[Black "Liitiaeinen, Elia"]
[Result "0-1"]
[WhiteElo "2114"]
[BlackElo "2164"]
[PlyCount "72"]
[EventDate "2002.06.24"]

1. e4 c5 2. c3 g6 3. Nf3 Bg7 4. Bc4 Nc6 5. O-O d6 6. d3 Nf6 7. h3 O-O 8. Be3 b6
9. Nbd2 Bb7 10. Bb3 Ne5 11. Nxe5 dxe5 12. Nf3 Qc7 13. Qe2 Ba6 14. Rfd1 Rad8 15.
Qc2 Nh5 16. g3 Qd7 17. g4 Nf4 18. Bxf4 exf4 19. Qd2 e5 20. Bd5 h5 21. Nh2 hxg4
22. hxg4 Qe7 23. c4 Qh4 24. f3 Bf6 25. Qf2 Qh6 26. Qg2 Kg7 27. Rd2 Rh8 28. Kf1
Qh4 29. Rf2 Qg3 30. Ke2 Bh4 31. Raf1 Rh7 32. g5 Bc8 33. Ng4 Bxg4 34. fxg4 Qe3+
35. Kd1 Bxf2 36. Rxf2 Rdh8 0-1

[Event "4th ShakkiNet International B"]
[Site "Helsinki"]
[Date "2002.07.02"]
[Round "9"]
[White "Malmberg, Mio"]
[Black "Luukkonen, Tommi"]
[Result "1/2-1/2"]
[WhiteElo "2088"]
[BlackElo "2158"]
[PlyCount "50"]
[EventDate "2002.06.24"]

1. d4 Nf6 2. c4 e6 3. Nc3 Bb4 4. e3 O-O 5. Nge2 d5 6. a3 Be7 7. Nf4 a5 8. cxd5
exd5 9. Bd3 c6 10. O-O Na6 11. Nh5 Nc7 12. Nxf6+ Bxf6 13. Qb3 Re8 14. Na4 b5
15. Nb6 Ra6 16. Nxc8 Qxc8 17. a4 Qb7 18. Bd2 Rb8 19. axb5 Nxb5 20. Qc2 g6 21.
Rxa5 Rb6 22. Bxb5 Rxb5 23. Rxb5 Qxb5 24. b4 Be7 25. Rc1 Rb6 1/2-1/2